|
|
|
|
| LEADER |
00000nam0a2200000 4500 |
| 001 |
156694 |
| 005 |
20231031153334.0 |
| 035 |
|
|
|a (RuTPU)RU\TPU\book\169940
|
| 090 |
|
|
|a 156694
|
| 100 |
|
|
|a 20090330d1956 m y0rusy50 ca
|
| 101 |
0 |
|
|a rus
|
| 102 |
|
|
|a RU
|
| 105 |
|
|
|a af z 001zy
|
| 200 |
1 |
|
|a Очерки по геологии СССР
|e по материалам опорного бурения
|h Т. 1
|f Всесоюзный нефтяной научно-исследовательский геологоразведочный институт (ВНИГРИ)
|
| 210 |
|
|
|a Ленинград
|c Гостоптехиздат
|d 1956
|
| 215 |
|
|
|a 236 с.
|c ил.
|
| 225 |
1 |
|
|a Новая серия
|v Вып. 96
|
| 225 |
1 |
|
|a Труды Всесоюзного нефтяного научно-исследовательского геологоразведочного института (ВНИГРИ)
|
| 320 |
|
|
|a Библиография в конце статей
|
| 610 |
1 |
|
|a геология
|
| 610 |
1 |
|
|a сборники
|
| 610 |
1 |
|
|a впадины
|
| 675 |
|
|
|a 55(47)
|v 3
|
| 712 |
0 |
2 |
|a Всесоюзный нефтяной научно-исследовательский геологоразведочный институт (ВНИГРИ)
|c (Ленинград)
|c (1929-1991)
|2 stltpush
|3 (RuTPU)RU\TPU\col\7662
|
| 801 |
|
1 |
|a RU
|b 63413507
|c 20090330
|g PSBO
|
| 801 |
|
2 |
|a RU
|b 63413507
|c 20160808
|g PSBO
|
| 942 |
|
|
|c BK
|